000 00894cam a22002531 4500
001 he 66000295
003 DLC
005 20260227111436.0
008 840125s1962 is 000 0 heb
010 _ahe 66000295
035 _a(OCoLC)19162168
040 _aDLC
_cMH
_dDLC
042 _apremarc
050 0 0 _aBM506.T23
_bI8 1962
100 0 _aIsaiah ben Mali,
_cdi Trani,
_dapproximately 1200-
245 1 0 _aTosfot u-fisḳe Rid :
_b...ʻal masekhet Taʻanit /
_c...me-et Nisan Meʼir Fayvel Zaḳś.
260 _aJerusalem :
_bYotse la-or be-siyuʻa Maʻyan ha-ḥokhmah,
_c723 [1962 or 1963]
300 _a20, 60 p. ;
_c24 cm.
500 _aTosfot Rid and Pisḳe Rid have special title pages.
630 0 0 _aTalmud.
_pTaʻanit
_xCommentaries.
700 1 _aSachs, Nissan,
_eed.
700 0 _aIsaiah ben Mali,
_cdi Trani,
_dapproximately 1200-
_tPiske Rid.
752 _aIsrael
_dJerusalem
999 _c31520
_d31520